Tell el-Herr : les niveaux hellénistiques et du Haut-Empire /

محفوظ في:

مؤلف مشترك: Mission franco-égyptienne de Tell el-Herr (Nord-Sinaï)

مؤلفون آخرون: Valbelle, Dominique, Abd El-Maksoud, Mohamed.

التنسيق: كتاب

اللغة: French

منشور في: Paris : Errance, c2007.

الموضوعات:

الوسوم: إضافة وسم

لا توجد وسوم, كن أول من يضع وسما على هذه التسجيلة!

رقم الطلب: DT73 .M233 V36

LEADER 01163nam a22003017a 4500
003 OSt
005 20251209084915.0
008 251209t2007 fr abe g b 001 0 fre d
020 |a 9782877723626 (pbk.) 
020 |a 2877723623 (pbk.) 
040 |c ARCE Library 
043 |a f-ua--- 
050 1 4 |a DT73 .M233  |b V36 
245 0 0 |a Tell el-Herr :   |b les niveaux hellénistiques et du Haut-Empire /   |c sous la direction de Dominique Valbelle ; contributions de Mohamed Abd el- Maksoud ... [et al.].. 
264 1 |a Paris :   |b Errance,   |c c2007. 
300 |a 311 pages :   |b Illustrations, maps, plans ;   |c 29 cm. 
500 |a At head of title : Mission franco-égyptienne de Tell el-Herr (Nord-Sinaï). 
504 |a Includes bibliographical references (pages 290-305).  
650 0 |a Greeks   |z Egypt   |z Magdolum (Extinct city) 
650 0 |a Fortification   |z Egypt   |z Magdolum (Extinct city) 
651 0 |a Magdolum (Extinct city) 
651 0 |a Egypt  |x Antiquities. 
700 1 |a Valbelle, Dominique, 
700 1 |a Abd El-Maksoud, Mohamed. 
710 2 |a Mission franco-égyptienne de Tell el-Herr (Nord-Sinaï) 
901 |a reviewed 
942 |c BK  |2 lcc 
999 |c 14205  |d 14205